[Event "Titled Tuesday intern op 01st Feb-A"]
[Site "Chess.com INT"]
[Date "2022.02.01"]
[Round "1"]
[White "Singh, Ojasva"]
[Black "Danilenko, Dmitriy"]
[Result "0-1"]
[WhiteElo "2141"]
[BlackElo "2401"]
[PlyCount "122"]
[EventDate "2022.02.01"]
[EventType "swiss (blitz)"]
[EventRounds "11"]
[EventCountry "USA"]
[SourceTitle "CBM 206 Extra"]
[Source "ChessBase"]
[SourceDate "2022.03.31"]
[SourceVersion "1"]
[SourceVersionDate "2022.03.31"]
[SourceQuality "1"]

1. e4 Nf6 2. e5 Nd5 3. d4 d6 4. Nf3 dxe5 5. Nxe5 c6 6. c4 Nb4 7. a3 Qxd4 8. axb4 Qxe5+ 9. Be2 e6 10. c5 Be7 11. 0-0 0-0 12. Nc3 a5 13. Be3 Na6 14. Rxa5 Rd8 15. Qb3 Bd7 16. Bxa6 Rxa6 17. Rxa6 bxa6 18. Ra1 Bc8 19. h3 h6 20. Na4 Bf6 21. Nb6 Qxb2 22. Qxb2 Bxb2 23. Ra2 Bc3 24. Nxc8 Rxc8 25. Rxa6 Bxb4 26. Kf1 Kf8 27. Ke2 Bc3 28. Kd3 Be5 29. f4 Bb8 30. Kc4 Ke7 31. Rb6 Kd7 32. Rb7+ Bc7 33. Bd4 f6 34. Bc3 Rb8 35. Ra7 Kc8 36. g3 Rb7 37. Ra8+ Bb8 38. Ra2 Ra7 39. Re2 Kd7 40. Rd2+ Ke8 41. Rb2 Bc7 42. Rd2 Ra4+ 43. Kb3 Re4 44. Bd4 e5 45. fxe5 fxe5 46. Bf2 Ke7 47. Kc3 Ba5+ 48. Kd3 Ra4 49. Rc2 Ke6 50. Ke2 e4 51. Rb2 Rb4 52. Ra2 Rb5 53. Rc2 Kd5 54. Rc1 Rb2+ 55. Kf1 Bd2 56. Rd1 Kc4 57. Ke2 Bg5+ 58. Kf1 e3 59. Bxe3 Bxe3 60. Rd6 Kxc5 61. Rg6 Bd4 0-1